Statistics for License Plates of Europe

Click here to take the quiz!

General Stats

  • This quiz has been taken 57 times
  • The average score is 36 of 46

Answer Stats

Answer% Correct
Czechia
98%
Lithuania
94%
Estonia
90%
Iceland
90%
Romania
90%
Ukraine
90%
Denmark
88%
France
88%
Latvia
88%
Netherlands
88%
Switzerland
88%
Germany
87%
Luxembourg
87%
Slovenia
87%
Albania
85%
Austria
85%
Finland
85%
Hungary
85%
Italy
85%
Poland
85%
Russia
85%
Serbia
85%
Bulgaria
83%
Sweden
83%
Portugal
81%
Slovakia
81%
Spain
81%
Belarus
79%
Ireland
79%
Croatia
77%
Montenegro
75%
Greece
73%
San Marino
73%
Moldova
71%
Belgium
67%
Bosnia and Herzegovina
67%
Monaco
67%
Norway
67%
Kosovo
63%
Liechtenstein
63%
Andorra
62%
Turkey
58%
United Kingdom
56%
Malta
54%
North Macedonia
52%
Vatican City
42%

Score Distribution

Percentile by Number Answered

Percent of People with Each Score

Your Score History

You have not taken this quiz